| 000 | 02149cam a2200421 a 4500 | ||
|---|---|---|---|
| 001 | 17171006 | ||
| 003 | PILC | ||
| 005 | 20160205150340.0 | ||
| 008 | 120217s2014 cauoa b 001 0 eng d | ||
| 010 | _a 2012933672 | ||
| 020 | _a9781133945468 (student ed.) | ||
| 020 | _a1133945465 (student ed.) | ||
| 020 | _a1285087879 (instructor's ed.) | ||
| 020 | _a9781285087870 (instructor's ed.) | ||
| 035 | _a(OCoLC)ocn823520877 | ||
| 040 |
_aWBS _cWBS _dYDXCP _dGZM _dBWX _dUMS _dMUU _dDLC |
||
| 042 | _alccopycat | ||
| 050 | 0 | 0 |
_aBF 636.7.G76 _b.C67 2014 |
| 082 | 0 | 0 | _a616.89/152 |
| 100 | 1 |
_aCorey, Marianne Schneider, _d1942- |
|
| 245 | 1 | 0 |
_aGroups : _bprocess and practice / _cMarianne Schneider Corey, Gerald Corey, Cindy Corey. |
| 250 | _a9th edition. | ||
| 260 |
_aBelmont, California : _bBrooks/Cole, Cengage Learning, _c2014. |
||
| 300 |
_axxv, 449 pages : _billustrations ; _c26 cm. |
||
| 500 | _aIncludes bibliographical references and indexes. | ||
| 505 | 0 | _aIntroduction to group work -- Group counselor -- Ethical and legal issues in group counseling -- Theories and techniques of group counseling -- Forming a group -- Initial stage of a group -- Transition stage of a group -- Working stage of a group -- Final stage of a group -- Groups in school settings -- Groups in community settings -- Appendix. | |
| 520 | _a"This book outlines the basic issues and key concepts of group process and shows how group leaders can apply these concepts in working with a variety of groups. In many ways this is a 'how-to' book, but it is also a book about the 'why' of group leadership...For the ninth edition, each chapter has been carefully reviewed and updated to present the current thinking and trends in practice." --p. xxi | ||
| 521 | _aPsychology | ||
| 650 | 0 | _aGroup psychotherapy. | |
| 650 | 0 | _aGroup counseling. | |
| 650 | 0 | _aGroup relations training. | |
| 700 | 1 | _aCorey, Gerald. | |
| 700 | 1 |
_aCorey, Cindy _q(Cindy C.) |
|
| 710 | 2 | _aBrooks/Cole Publishing Company. | |
| 906 |
_a7 _bcbc _ccopycat _d2 _encip _f20 _gy-gencatlg |
||
| 942 |
_2lcc _cBK _kFOR |
||
| 999 |
_c277365 _d277365 |
||